Statistieken voor Maanden van het jaar (15s)

Klik hier om de quiz te nemen!

Algemene statistieken

  • Deze quiz is 998 keer genomen
  • De gemiddelde score is 8 van 12

Antwoordstatistieken

Antwoord% Correct
januari
96%
april
90%
maart
89%
februari
87%
juni
87%
mei
87%
juli
80%
augustus
61%
september
43%
oktober
32%
november
27%
december
20%

Scoreverdeling

Percentiel versus Aantal Correcte Antwoorden

Procent van Mensen met Elke Score

Uw Scoregeschiedenis

U heeft deze quiz nog niet genomen